000 00200 a2200109 4500
020 _a9780439876384
041 _aeng
100 _aJason Blake
245 _aSuper Spiders
942 _cBK
952 _71
999 _c18863
_d18863